08385 2204117 4500001002100000005001500021008004100036020002200077035002000099082000800119084001400127100002400141245007400165250000600239260003400245300003700279650001500316990001200331990001200343990001200355990001200367990001200379990001200391990001200403990001200415990001200427990001200439990001200451990001200463990001200475990001200487990001200499990001200511990001200523990001200535990001200547990001200559990001200571990001200583990001200595990001200607990001200619990001200631990001200643990001200655990001200667990001200679990001200691990001200703990001200715990001200727990001200739990001200751990001200763990001200775990001200787990001200799990001200811990001200823990001200835990001200847990001200859990001200871990001200883990001200895990001200907990001200919990001200931990001200943990001200955990001200967990001200979990001200991990001201003990001201015990001201027990001201039990001201051990001201063990001201075990001201087990001201099990001201111990001201123990001201135990001201147990001201159990001201171990001201183990001201195990001201207990001201219990001201231990001201243990001201255990001201267990001201279990001201291990001201303990001201315990001201327990001201339990001201351990001201363990001201375990001201387990001201399990001201411990001201423990001201435990001201447990001201459990001201471990001201483990001201495990001201507990001201519990001201531990001201543990001201555990001201567990001201579990001201591990001201603990001201615990001201627990001201639990001201651990001201663990001201675990001201687990001201699990001201711990001201723990001201735990001201747990001201759990001201771990001201783990001201795990001201807990001201819990001201831990001201843990001201855990001201867990001201879990001201891990001201903990001201915990001201927990001201939990001201951990001201963990001201975990001201987990001201999990001202011990001202023990001202035990001202047990001202059990001202071990001202083990001202095990001202107990001202119990001202131990001202143990001202155990001202167990001202179990001202191990001202203990001202215990001202227990001202239990001202251990001202263990001202275990001202287990001202299990001202311990001202323990001202335990001202347990001202359990001202371990001202383990001202395990001202407990001202419990001202431990001202443990001202455990001202467990001202479990001202491990001202503990001202515990001202527990001202539990001202551990001202563990001202575990001202587990001202599990001202611990001202623990001202635990001202647990001202659990001202671990001202683990001202695990001202707990001202719990001202731990001202743990001202755990001202767990001202779990001202791990001202803990001202815990001202827990001202839990001202851990001202863990001202875990001202887990001202899990001202911990001202923990001202935990001202947990001202959990001202971990001202983990001202995990001203007990001203019990001203031990001203043990001203055990001203067990001203079990001203091990001203103990001203115990001203127990001203139990001203151990001203163990001203175990001203187990001203199990001203211990001203223990001203235990001203247990001203259990001203271990001203283990001203295990001203307990001203319990001203331990001203343990001203355990001203367990001203379990001203391990001203403990001203415990001203427990001203439990001203451990001203463990001203475990001203487990001203499990001203511990001203523990001203535990001203547990001203559990001203571990001203583990001203595990001203607990001203619990001203631990001203643990001203655990001203667990001203679990001203691990001203703990001203715990001203727990001203739990001203751990001203763990001203775990001203787990001203799990001203811990001203823990001203835990001203847990001203859990001203871990001203883990001203895990001203907990001203919990001203931990001203943990001203955990001203967990001203979990001203991990001204003990001204015990001204027990001204039990001204051990001204063990001204075990001204087990001204099990001204111990001204123990001204135990001204147990001204159990001204171990001204183990001204195990001204207990001204219990001204231990001204243990001204255INLIS00000000000139520240802072950240802 0 ind  a978-602-244-324-7 a0010-0824000001 a410 a410 BAM c aTrimansyah, Bambang1 aCerdas Cergas Berbahasa dan Bersastra Indonesia /cBambang Trimansyah a1 aJakarta :bKemendikbud,c2022 a246 hlm :bilus. ;c17.6 x 25 cm 4aBuku Paket a0751899 a0751900 a0751901 a0751902 a0751903 a0751904 a0751905 a0751906 a0751907 a0751908 a0751909 a0751910 a0751911 a0751912 a0751913 a0751914 a0751915 a0751916 a0751917 a0751918 a0751919 a0751920 a0751921 a0751922 a0751923 a0751924 a0751925 a0751926 a0751927 a0751928 a0751929 a0751930 a0751931 a0751932 a0751933 a0751934 a0751935 a0751936 a0751937 a0751938 a0751939 a0751940 a0751941 a0751942 a0751943 a0751944 a0751945 a0751946 a0751947 a0751948 a0751949 a0751950 a0751951 a0751952 a0751953 a0751954 a0751955 a0751956 a0751957 a0751958 a0751959 a0751960 a0751961 a0751962 a0751963 a0751964 a0751965 a0751966 a0751967 a0751968 a0751969 a0751970 a0751971 a0751972 a0751973 a0751974 a0751975 a0751976 a0751977 a0751978 a0751979 a0751980 a0751981 a0751982 a0751983 a0751984 a0751985 a0751986 a0751987 a0751988 a0751989 a0751990 a0751991 a0751992 a0751993 a0751994 a0751995 a0751996 a0751997 a0751998 a0751999 a0752000 a0752001 a0752002 a0752003 a0752004 a0752005 a0752006 a0752007 a0752008 a0752009 a0752010 a0752011 a0752012 a0752013 a0752014 a0752015 a0752016 a0752017 a0752018 a0752019 a0752020 a0752021 a0752022 a0752023 a0752024 a0752025 a0752026 a0752027 a0752028 a0752029 a0752030 a0752031 a0752032 a0752033 a0752034 a0752035 a0752036 a0752037 a0752038 a0752039 a0752040 a0752041 a0752042 a0752043 a0752044 a0752045 a0752046 a0752047 a0752048 a0752049 a0752050 a0752051 a0752052 a0752053 a0752054 a0752055 a0752056 a0752057 a0752058 a0752059 a0752060 a0752061 a0752062 a0752063 a0752064 a0752065 a0752066 a0752067 a0752068 a0752069 a0752070 a0752071 a0752072 a0752073 a0752074 a0752075 a0752076 a0752077 a0752078 a0752079 a0752080 a0752081 a0752082 a0752083 a0752084 a0752085 a0752086 a0752087 a0752088 a0752089 a0752090 a0752091 a0752092 a0752093 a0752094 a0752095 a0752096 a0752097 a0752098 a0752099 a0752100 a0752101 a0752102 a0752103 a0752104 a0752105 a0752106 a0752107 a0752108 a0752109 a0752110 a0752111 a0752112 a0752113 a0752114 a0752115 a0752116 a0752117 a0752118 a0752119 a0752120 a0752121 a0752122 a0752123 a0752124 a0752125 a0752126 a0752127 a0752128 a0752129 a0752130 a0752131 a0752132 a0752133 a0752134 a0752135 a0752136 a0752137 a0752138 a0752139 a0752140 a0752141 a0752142 a0752143 a0752144 a0752145 a0752146 a0752147 a0752148 a0752149 a0752150 a0752151 a0752152 a0752153 a0752154 a0752155 a0752156 a0752157 a0752158 a0752159 a0752160 a0752161 a0752162 a0752163 a0752164 a0752165 a0752166 a0752167 a0752168 a0752169 a0752170 a0752171 a0752172 a0752173 a0752174 a0752175 a0752176 a0752177 a0752178 a0752179 a0752180 a0752181 a0752182 a0752183 a0752184 a0752185 a0752186 a0752187 a0752188 a0752189 a0752190 a0752191 a0752192 a0752193 a0752194 a0752195 a0752196 a0752197 a0752198 a0752199 a0752200 a0752201 a0752202 a0752203 a0752204 a0752205 a0752206 a0752207 a0752208 a0752209 a0752210 a0752211 a0752212 a0752213 a0752214 a0752215 a0752216 a0752217 a0752218 a0752219 a0752220 a0752221 a0752222 a0752223 a0752224 a0752225 a0752226